000 00421nam a2200157 i 4500
001 147896
003 ES-MaACL
005 20230906202318.0
007 t|
008 071008s1963 sp ||||1| spa d
100 1 _aUrrutia Iturbe, Angel.
_9112253
245 1 0 _aCorazón escrito /
_cAngel Urrutia Iturbe.
260 _aPamplona :
_bMorea,
_c1963.
300 _a76 p. ;
_c21 cm.
852 _aES-MaACL
_jC-24876
_bR.53104
999 _c147896
_d147896